Countries From Four Words #9 - Statistics

General Stats
  • This quiz has been taken 387 times
  • The average score is 9 of 15
Answer Stats
Country % Correct
Oman
99%
Chad
98%
Fiji
98%
Peru
98%
China
70%
Japan
66%
India
64%
Iran
63%
France
61%
Armenia
50%
Jordan
50%
Romania
48%
Dominica
29%
Ecuador
23%
Macedonia
17%
No matching quizzes found
Score Distribution
Percent of People with Each Score
Percentile by Number Answered
Your Score History
You have not taken this quiz